Conservation of clay and chalk buildings (Record no. 92103)

MARC details
000 -LEADER
fixed length control field 00857cam a2200217 4500
008 - FIXED-LENGTH DATA ELEMENTS--GENERAL INFORMATION
fixed length control field 970304 1992 ado
020 ## - INTERNATIONAL STANDARD BOOK NUMBER
International Standard Book Number 1873394004
035 ## - SYSTEM CONTROL NUMBER
System control number (Sirsi) u47334
041 0# - LANGUAGE CODE
Language code of text/sound track or separate title eng
050 04 - LIBRARY OF CONGRESS CALL NUMBER
Classification number 690.241 $2 18
100 1# - MAIN ENTRY--PERSONAL NAME
Personal name Pearson, Gordon T.
245 00 - TITLE STATEMENT
Title Conservation of clay and chalk buildings
260 ## - PUBLICATION, DISTRIBUTION, ETC.
Place of publication, distribution, etc. London
Name of publisher, distributor, etc. Donhead
Date of publication, distribution, etc. 1992
300 ## - PHYSICAL DESCRIPTION
Extent xix, 203p.
Other physical details ill.
Dimensions 24cm.
350 ## - PRICE (NR) (BK AM CF MU VM SE) [OBSOLETE]
Price 30
520 ## - SUMMARY, ETC.
Summary, etc. Examines methods for conserving and repairing earth buildings using traditional building materials. Includes advice on soils analysis, the philosophy of repair techniques and the factors to be considered before altering, converting or extending an earth building.
651 #4 - SUBJECT ADDED ENTRY--GEOGRAPHIC NAME
Geographic name United Kingdom
Chronological subdivision
690 ## - LOCAL SUBJECT ADDED ENTRY--TOPICAL TERM (OCLC, RLIN)
Topical term or geographic name as entry element BUILT ENVIRONMENT-BUILDING MATERIALS-NON CEMENTITIOUS MATERIALS-NATURAL SOILS
942 ## - ADDED ENTRY ELEMENTS (KOHA)
Suppress in OPAC 0
948 ## - LOCAL PROCESSING INFORMATION (OCLC); SERIES PART DESIGNATOR (RLIN)
c (OCLC) 04/03/1997
Holdings
Withdrawn status Lost status Source of classification or shelving scheme Damaged status Not for loan Home library Current library Shelving location Date acquired Cost, normal purchase price Total Checkouts Full call number Barcode Date last seen Date last checked out Copy number Cost, replacement price Price effective from Koha item type
    Dewey Decimal Classification     London London Basement 17/03/1993 30.00 2 SHELF 113 30044021 06/08/2019 21/11/2000 1 30.00 06/08/2019 Book